Ekonomické rozpory socialismu Charakter a formy řešení

Saved in:
Bibliographic Details
Main Author: Kulikov, Vsevolod Vsevolodovič
Format: Book
Language:Czech
Published: Praha Svoboda 1989
Edition:1. vyd.
Tags: Add Tag
No Tags, Be the first to tag this record!

MARC

LEADER 00000nam a2200000 4500
001 c032062
005 20240417135728.9
041 0 |a cze 
044 |a CZ 
245 1 0 |a Ekonomické rozpory socialismu  |b Charakter a formy řešení  |c Vsevolod Vsevolodovič Kulikov ; [Z ruš. prel.] Alena Dobroslávková 
250 |a 1. vyd. 
264 1 |a Praha  |b Svoboda  |c 1989 
300 |a 126 s. 
100 1 |a Kulikov, Vsevolod Vsevolodovič